000 00372nam a2200145 a 4500
005 20140412111326.0
008 110122s19uu xx 00 eng d
050 _aREF 030
_bD632 1999
100 _aDisney, Walt
245 _aSpace. /
_cWalt Disney.
260 _aChina :
_bDisney,
_c1999.
300 _a57p.
440 _aDisney Children's Encyclopedia
999 _c104637
_d104637